[Event "WY BU14 2012"]
[Site "Maribor SLO"]
[Date "2012.11.10"]
[Round "3.36"]
[White "Santos Ruiz,Miguel"]
[Black "Konstantinov,Alek2"]
[Result "1/2-1/2"]
[WhiteElo "2082"]
[BlackElo "1800"]

1.e4 e6 2.d4 d5 3.Nd2 Nc6 4.Ngf3 Nf6 5.e5 Nd7 6.c3 f6 7.Bb5 fxe5 8.dxe5 Nb6
9.Nd4 Bd7 10.Bxc6 bxc6 11.Qh5+ g6 12.Qg4 Qe7 13.N2b3 Nc4 14.Qg3 Bg7 15.Bg5 Bxe5
16.f4 Bf6 17.Bxf6 Qxf6 18.Nc5 Qe7 19.b4 e5 20.fxe5 Qxe5+ 21.Qxe5+ Nxe5 22.O-O O-O-O
23.Rae1 Rde8 24.h3 g5 25.Nxd7 Kxd7 26.Rf5 Nc4 27.Rf7+ Kc8 28.Ree7 Rxe7 29.Rxe7 Kb7
30.Ne6 a5 31.Nxc7 Kb6 32.a4 Nb2 33.bxa5+ Kxa5 34.Ne6 Kxa4 35.Nd4 Ka5 36.Rb7 Nd1
37.Nxc6+ Ka4 38.Rb4+ Ka3 39.Nd4 Rc8 40.Nb5+ Ka2 41.Rd4 Rc5 42.Rxd1 Rxb5 43.Kf2 Kb2
44.Ke3 Kxc3 45.Rc1+ Kb2 46.Rc7 h5 47.Kd4 Rb3 48.g4 Rxh3 49.gxh5 Rxh5 50.Rg7 Kc2
51.Kxd5 Kd3 52.Ke5 Ke3 53.Kf5  1/2-1/2

[Event "Rector Cup MGSU"]
[Site "Moscow RUS"]
[Date "2012.11.10"]
[Round "3.8"]
[White "Korneev,O"]
[Black "Zilbert,O"]
[Result "0-1"]
[WhiteElo "2602"]
[BlackElo "2286"]

1.e4 e6 2.d4 d5 3.Nd2 Nc6 4.Ngf3 Nf6 5.e5 Nd7 6.Nb3 f6 7.Bf4 fxe5 8.dxe5 Qe7
9.c3 Nd8 10.Bd3 Nf7 11.h4 c5 12.c4 Nb6 13.Na5 Qc7 14.O-O Bd7 15.Rc1 O-O-O
16.b4 Kb8 17.Bg3 g6 18.Qe2 Bh6 19.Rc2 Bc8 20.bxc5 Qxc5 21.Nb3 Qa3 22.c5 Na4
23.Nfd4 Bd7 24.Rb1 Ka8 25.Qe1 b6 26.Nb5 Bxb5 27.Bxb5  0-1

[Event "TCh-CZE Div1 Zapad 2012-13"]
[Site "Czech Republic CZE"]
[Date "2012.11.11"]
[Round "2.5"]
[White "Vrana,J"]
[Black "Dvorak,J"]
[Result "1-0"]
[WhiteElo "2275"]
[BlackElo "2203"]

1.e4 e6 2.d4 d5 3.Nd2 Be7 4.Ngf3 Nf6 5.Bd3 c5 6.exd5 Qxd5 7.c4 Qh5 8.O-O O-O
9.Nb3 Nc6 10.dxc5 e5 11.Ng5 Ng4 12.Nh3 Rd8 13.Qe2 a5 14.a4 Qh4 15.f3 Nh6
16.Nf2 Nf5 17.Bd2 Nfd4 18.Nxd4 Nxd4 19.Qxe5 Nb3 20.Rad1 Bf6 21.Qf4 Nxc5 22.Qxh4 Bxh4
23.Bc2 Bf6 24.Bc3 Be6 25.Bxf6 gxf6 26.b3 f5 27.f4 Kg7 28.Rxd8 Rxd8 29.Rd1 Rxd1+
30.Nxd1 Na6 31.Kf2 Nb4 32.Bb1 Kf6 33.Ke3 b6 34.Nc3 Ke7 35.Nb5 Bd7 36.g3 h6
37.Kd4 Nc6+ 38.Kc3 Nb4 39.Nd4 Kf6 40.Nf3 Na6 41.Ne5 Bc8 42.Bc2 Ke6 43.Bd1 Nc5
44.Bf3 f6 45.Bd5+ Ke7 46.Nc6+ Kd6 47.Nd4 Bd7 48.Nc2 Ke7 49.Ne3 Kd6 50.Bf3 Be6
51.Bd1 Ne4+ 52.Kd4 Nd2 53.Kd3 Ne4 54.Kd4 Nd2 55.h3 Ne4 56.g4 Nf2 57.gxf5 Nxd1
58.fxe6 Nf2 59.f5 Nxh3 60.Nd5 h5 61.Nxf6 h4 62.Ne4+  1-0

[Event "TCh-CZE Div1 Vychod 2012-13"]
[Site "Czech Republic CZE"]
[Date "2012.11.11"]
[Round "2.7"]
[White "Dvorak,M"]
[Black "Turner,R"]
[Result "1-0"]
[WhiteElo "2186"]
[BlackElo "2099"]

1.e4 e6 2.d4 d5 3.Nd2 Be7 4.Bd3 c5 5.dxc5 Nf6 6.Qe2 Nc6 7.c3 Bxc5 8.Ngf3 Ng4
9.O-O h5 10.exd5 Qxd5 11.Be4 Qd8 12.Nb3 Bb6 13.Bf4 Bc7 14.Rad1 Qe7 15.Bxc7 Qxc7
16.Bxc6+ bxc6 17.Nc5 a5 18.Qd2 O-O 19.Qg5 Nf6 20.Rd2 a4 21.Rd4 Ra5 22.Rxa4 Rxa4
23.Nxa4 Rd8 24.Qe5 Qa7 25.b3 Ba6 26.c4 Bxc4 27.Rc1 Bd5 28.Qe2 Ne4 29.Ne5 Qd4
30.Nf3 Qf6 31.Re1 Ra8 32.Qe3 Ra6 33.Rc1 Qe7 34.Nd2 Nf6 35.f3 Qa3 36.Nb1 Qxa2
37.Nc5 Ra8 38.Nc3 Qxb3 39.Nxb3  1-0

[Event "FIDE WCh Women World Cup"]
[Site "Khanty-Mansiysk RUS"]
[Date "2012.11.11"]
[Round "1.1"]
[White "Pogonina,N"]
[Black "Matveeva,S"]
[Result "1/2-1/2"]
[WhiteElo "2478"]
[BlackElo "2377"]

1.e4 e6 2.d4 d5 3.Nd2 a6 4.Ngf3 c5 5.exd5 exd5 6.dxc5 Bxc5 7.Nb3 Bb6 8.Bd3 Nc6
9.O-O Bg4 10.h3 Bh5 11.Re1+ Nge7 12.Be3 Bc7 13.c3 Bxf3 14.Qxf3 Ne5 15.Qe2 O-O
16.Rad1 Re8 17.c4 Nxd3 18.Qxd3 dxc4 19.Qxc4 Qc8 20.Rc1 Nc6 21.Nc5 Be5 22.b3 b5
23.Qc2 Nd4 24.Qd3 Qf5 25.Kf1 h6 26.Qxf5 Nxf5 27.Bd2 Nd6 28.Red1 Bb2 29.Rc2 Ba3
30.Bf4 Ne4 31.Nxe4 Rxe4 32.Be3 Re6 33.Rd7 Rae8 34.Rcc7 R8e7 35.Rxe7 Bxe7
36.Ra7  1/2-1/2

[Event "TCh-ESP CECLUB Div Honor 2012"]
[Site "Leon ESP"]
[Date "2012.11.11"]
[Round "7.1"]
[White "Gomez Esteban,J"]
[Black "Fluvia Poyatos,Jor"]
[Result "1/2-1/2"]
[WhiteElo "2466"]
[BlackElo "2467"]

1.e4 e6 2.d4 d5 3.Nd2 Nc6 4.c3 e5 5.exd5 Qxd5 6.Ngf3 exd4 7.Bc4 Qh5 8.O-O Bd6
9.Ne4 Bg4 10.Nxd6+ cxd6 11.Qe1+ Nge7 12.Nxd4 O-O 13.h3 Bd7 14.Qd1 Qc5 15.Bd3 Nxd4
16.cxd4 Qa5 17.Bf4 Qb6 18.Re1 Nf5 19.Qg4 g6 20.Bxf5 Bxf5 21.Qh4 Rfe8 22.Bg5 Qa5
23.Rxe8+ Rxe8 24.Bf6 Qd2 25.d5 Re4 26.Qg3 Qxd5 27.Rc1 Qe6 28.Qg5 Re1+ 29.Rxe1 Qxe1+
30.Kh2 Kf8 31.Bc3 Qe7 32.Qh6+ Ke8 33.Qxh7 Qe4 34.Qh8+ Kd7 35.Qd4 Qxd4 36.Bxd4 a6
37.g4 Bb1 38.a3 f5 39.Kg3 fxg4 40.hxg4 Ke6 41.Kf4 Kf7 42.Kg5 Be4 43.Kf4  1/2-1/2

[Event "WY BU16 2012"]
[Site "Maribor SLO"]
[Date "2012.11.11"]
[Round "4.29"]
[White "Bezuidenhout,Roland"]
[Black "Svane,R"]
[Result "0-1"]
[WhiteElo "1974"]
[BlackElo "2399"]

1.e4 e6 2.d4 d5 3.Nd2 Be7 4.c3 c5 5.dxc5 Nf6 6.exd5 Qxd5 7.Ngf3 Qxc5 8.Nb3 Qc7
9.Bb5+ Bd7 10.Qe2 O-O 11.Nbd4 a6 12.Bd3 Nc6 13.O-O Nxd4 14.Nxd4 Bd6 15.Bg5 Bxh2+
16.Kh1 Be5 17.f4 Bxd4 18.cxd4 Nd5 19.Rac1 Qd6 20.Qh5 g6 21.Qh4 Bb5 22.Rf3 Bxd3
23.Rxd3 f6 24.Bh6 Rfc8 25.Re1 Qd7 26.Qg4 Rc6 27.Qe2 Rac8 28.Kh2 Rc2 29.Qxe6+ Qxe6
30.Rxe6 R2c6 31.Re1 Kf7 32.Rb3 b5 33.Re2 b4 34.Kg1 a5 35.Kf2 Rc2 36.a3 Rxe2+
37.Kxe2 Rc2+ 38.Kf3 a4 39.Rd3 b3 40.f5 g5 41.Ke4 Nc3+ 42.Ke3 Nb5 43.d5 Nd6
44.g4 Nc4+ 45.Ke4 Ne5 46.Rd1 Re2+ 47.Kd4 Rxb2 48.d6 Nd7 49.Kd5 Rc2 50.Re1 Rc5+
51.Kd4 Re5 52.Rh1 Nb6 53.Bxg5 Rd5+ 54.Ke4 fxg5 55.Rxh7+ Kf6 56.d7 Re5+ 57.Kd4 Nxd7
58.Rxd7 Rb5 59.Rd6+ Kf7 60.Kc4 b2 61.Kxb5 b1=Q+ 62.Kxa4 Qe4+ 63.Kb5 Qe2+
64.Kc5 Qxg4  0-1

[Event "WY BU18 2012"]
[Site "Maribor SLO"]
[Date "2012.11.11"]
[Round "4.24"]
[White "Oltian,Vata"]
[Black "Westerberg,J"]
[Result "0-1"]
[WhiteElo "1799"]
[BlackElo "2322"]

1.e4 e6 2.d4 d5 3.Nd2 Nc6 4.Ngf3 Nf6 5.e5 Nd7 6.c3 f6 7.exf6 Qxf6 8.Be2 Bd6
9.O-O O-O 10.Re1 e5 11.dxe5 Ndxe5 12.Nf1 Bg4 13.Qxd5+ Kh8 14.Ng3 Nxf3+ 15.gxf3 Bxf3
16.Bxf3 Qxf3 17.Qxf3 Rxf3 18.Be3 Kg8 19.Rad1 Re8 20.Kg2 Rf6 21.Bd4 Rxe1 22.Rxe1 Nxd4
23.cxd4 Kf7 24.Re3 Be7 25.Ne4 Rb6 26.b3 Rb5 27.Nc3 Rg5+ 28.Rg3 Ke6 29.Rxg5 Bxg5
30.Kf3 Bd2 31.Ne4 Bb4 32.Ng5+ Kd5 33.Ke3 h6 34.Ne4 Ke6 35.Ng3 c5 36.Ke4 cxd4
37.Kxd4 Be1 38.Ke3 Kd5 39.Ne2 Ba5 40.f4 Be1 41.Kd3 Bh4 42.h3 Bd8 43.a3 a6
44.Nd4 Bh4 45.Nf5 Bf6 46.Ne3+ Kc5 47.Nd1 Ba1 48.Ne3 b5 49.Ke4 Bb2 50.Nc2 a5
51.Kd3 a4 52.b4+ Kd5 53.Ne3+ Ke6 54.Nc2 Kf5 55.Ke3 g5 56.fxg5 Kxg5 57.Kf3 Kf5
58.Ke3 Ke5 59.Kd3 Kf4 60.Nd4 Bxa3 61.Kc3 h5 62.Nxb5 Bc1 63.Nd4 Be3 64.b5 a3
65.Nc2 a2 66.Kb2 Bf2 67.Nb4 Kg3 68.Nd3 Be3 69.h4 Kxh4 70.b6 Kg3 71.b7 Ba7
72.Nb4 Bb8 73.Nc6 Bc7 74.Ne7 Kg4 75.Nd5 Be5+ 76.Kxa2 h4 77.Kb3 h3 78.Nf6+ Kf3
79.Nd7 Bg3  0-1

[Event "WY BU14 2012"]
[Site "Maribor SLO"]
[Date "2012.11.12"]
[Round "5.44"]
[White "Martins,Gu"]
[Black "Filipets,Egor"]
[Result "0-1"]
[WhiteElo "1814"]
[BlackElo "2021"]

1.e4 e6 2.d4 d5 3.Nd2 Nc6 4.c3 e5 5.exd5 Qxd5 6.dxe5 Nxe5 7.Ndf3 Qxd1+ 8.Kxd1 Bg4
9.Kc2 Bf5+ 10.Kb3 Nd7 11.Be3 Ngf6 12.Rd1 O-O-O 13.Be2 Ne4 14.Nd4 Ndc5+ 15.Kc2 Rxd4
16.cxd4 Nxf2+ 17.Kc1 Nxd1 18.Kxd1 Na4 19.Bc1 Be7 20.Nf3 Rd8 21.Bb5 Bg4 22.Kc2 Bxf3
23.gxf3 Nb6 24.Be3 Nd5 25.Bf2 Bf6 26.Rd1 g6 27.Bc4 c6 28.Re1 b5 29.Bf1 Kb7
30.a3 Nf4 31.Re4 Ne6 32.Kc3 a6 33.b4 Nc7 34.Bg3 Nd5+ 35.Kd3 Bg7 36.Bh4 Rd7
37.Bg5 h6 38.Bd2 Re7 39.Bg2 f5 40.Rxe7+ Nxe7 41.Bf4 Nd5 42.Bd6 Kc8 43.f4 Kd7
44.Bxd5 cxd5 45.Be5 Bf8 46.Bf6 Bd6 47.Be5 g5 48.Ke3 Ke6 49.h4 Bxe5 50.fxe5 gxh4
51.Kf4 h5 52.Kf3 Kf7 53.Kf4 Kg6 54.Kf3 Kg5 55.Kf2 f4 56.Kf3 h3 57.Kf2 Kf5
58.Kf3 h4 59.Kf2 Kg4 60.e6 h2 61.Kg2 f3+ 62.Kxh2 h3 63.e7 f2 64.e8=Q f1=Q
65.Qe6+ Qf5 66.Qe2+ Kg5 67.Qe7+ Qf6 68.Qe2 Qf4+ 69.Kxh3 Qh4+ 70.Kg2 Qg4+
71.Kf2 Qxe2+ 72.Kxe2 Kf4 73.Kd3 Kf3  0-1

[Event "WY BU18 2012"]
[Site "Maribor SLO"]
[Date "2012.11.12"]
[Round "6"]
[White "Fedoseev,Vl3"]
[Black "Westerberg,J"]
[Result "1-0"]
[WhiteElo "2509"]
[BlackElo "2322"]

1.d4 e6 2.e4 d5 3.Nd2 Nc6 4.Ngf3 Nf6 5.e5 Nd7 6.Bb5 Be7 7.O-O O-O 8.Re1 a5
9.c3 Na7 10.Bd3 b6 11.h4 c5 12.Ng5 Bxg5 13.hxg5 Qxg5 14.Ne4 Qe7 15.Nf6+ Nxf6
16.Bg5 Qc7 17.Bxf6 gxf6 18.Bxh7+ Kh8 19.Qh5 Rg8 20.exf6  1-0

[Event "FIDE WCh Women World Cup"]
[Site "Khanty-Mansiysk RUS"]
[Date "2012.11.13"]
[Round "1.3"]
[White "Pogonina,N"]
[Black "Matveeva,S"]
[Result "1-0"]
[WhiteElo "2478"]
[BlackElo "2377"]

1.e4 e6 2.d4 d5 3.Nd2 a6 4.Bd3 c5 5.dxc5 Nf6 6.exd5 Qxd5 7.Ngf3 Bxc5 8.O-O Nbd7
9.Qe2 b5 10.c4 bxc4 11.Bxc4 Qh5 12.Nb3 Be7 13.Nbd4 Bb7 14.Bf4 O-O 15.Rac1 Rfe8
16.Rfd1 Nd5 17.Bg3 Bf6 18.Bb3 N7b6 19.Nc6 a5 20.Nce5 a4 21.Bc2 a3 22.Bb3 Ba6
23.Qd2 axb2 24.Qxb2 Rec8 25.Qd2 Bb5 26.Rxc8+ Rxc8 27.Rc1 Ra8 28.h3 Be7 29.Nc6 Ba3
30.Rc2 h6 31.Be5 Ba4 32.Bxa4 Rxa4 33.Bd4 Nd7 34.Nce5 Nxe5 35.Rc8+ Kh7 36.Nxe5 Qf5
37.Nxf7 Rxd4 38.Qxd4 Qxf7 39.Qd3+ Qf5 40.Qxa3 Nf4 41.Rf8 Ne2+ 42.Kf1 Ng3+
43.Ke1 Qe5+ 44.Kd1 Qe2+ 45.Kc1 Qe1+ 46.Kc2 Qe2+ 47.Kc3 Ne4+ 48.Kd4 Nf6 49.Qd3+  1-0

[Event "WY GU18 2012"]
[Site "Maribor SLO"]
[Date "2012.11.14"]
[Round "7.3"]
[White "Efroimski,M"]
[Black "Varga,Kl"]
[Result "0-1"]
[WhiteElo "2168"]
[BlackElo "2191"]

1.e4 e6 2.d4 d5 3.Nd2 Nc6 4.Ngf3 Nf6 5.e5 Nd7 6.Bd3 f6 7.exf6 Qxf6 8.Nf1 Bd6
9.Ne3 Nb4 10.Be2 Nb6 11.c3 Nc6 12.Ng4 Qe7 13.Bg5 Qf7 14.Bd3 Nd7 15.Qc2 Qh5
16.h3 O-O 17.Be3 e5 18.Ng5 e4 19.Be2 Qe8 20.h4 h6 21.Nh3 Nb6 22.b3 Qg6 23.h5 Qf7
24.a3 Ne7 25.c4 Bxg4 26.Bxg4 dxc4 27.bxc4 Nxc4 28.Qxe4 Nf5 29.Bxf5 Qxf5 30.Qxf5 Rxf5
31.g4 Rf7 32.g5 Re8 33.gxh6 gxh6 34.Ke2 Rfe7 35.Raf1 Kh7 36.Kd3 Nxe3 37.fxe3 Rxe3+
38.Kc4 R8e7 39.Nf4 c6 40.a4 Ra3 41.Rh3 Rxa4+ 42.Kb3 b5 43.Nd3 Re2 44.Nc5 Bxc5
45.dxc5 Rea2 46.Rhf3 R4a3+  0-1

[Event "WY BU16 2012"]
[Site "Maribor SLO"]
[Date "2012.11.14"]
[Round "7.45"]
[White "Serikbay,Chingiz"]
[Black "Liu,Dennis"]
[Result "1-0"]
[WhiteElo "2028"]
[BlackElo "1909"]

1.e4 e6 2.d4 d5 3.Nd2 Be7 4.Ngf3 Nf6 5.Bd3 dxe4 6.Nxe4 Nxe4 7.Bxe4 Nd7 8.O-O Nf6
9.Bd3 O-O 10.Ne5 c5 11.dxc5 Qd5 12.Re1 Qxc5 13.Qf3 Bd6 14.Nc4 Bc7 15.b3 Qd5
16.Qh3 b5 17.Ne3 Qd4 18.Ba3 e5 19.Bf5 b4 20.c3 Qxc3 21.Rac1 Bxf5 22.Qxf5 Qd4
23.Rc4 Qb6 24.Bxb4 Bd6 25.Rh4 h6 26.Bc3 Rac8 27.Nc4 Qc5 28.Bd2 e4 29.Qh3 Bb8
30.Bc3 Nd5 31.Rxh6 gxh6 32.Qg4+ Kh7 33.Qg7+  1-0

[Event "8th Chervonograd IM"]
[Site "Chervonograd UKR"]
[Date "2012.11.15"]
[Round "3.1"]
[White "Terletsky,O"]
[Black "Sychevskyy,Andriy"]
[Result "1-0"]
[WhiteElo "2259"]
[BlackElo "2050"]

1.e4 e6 2.d4 d5 3.Nd2 Nc6 4.Ngf3 Nf6 5.e5 Nd7 6.Be2 Be7 7.O-O O-O 8.c3 b6
9.Re1 Bb7 10.Nf1 Ncb8 11.Bd3 Ba6 12.Bc2 c5 13.Ng3 Nc6 14.Nh5 Rc8 15.Qd2 f5
16.exf6 Nxf6 17.Nf4 Qd7 18.Nxe6 Rfe8 19.dxc5 bxc5 20.Bf5 Qd6 21.Qg5 Bf8 22.Bf4  1-0

[Event "WY GU18 2012"]
[Site "Maribor SLO"]
[Date "2012.11.15"]
[Round "8.2"]
[White "Asgarizadeh,M"]
[Black "Aranaz Murillo,A"]
[Result "1-0"]
[WhiteElo "2106"]
[BlackElo "2244"]

1.e4 e6 2.d4 d5 3.Nd2 Nc6 4.Ngf3 Nf6 5.e5 Nd7 6.Be2 Be7 7.Nf1 O-O 8.Ne3 f6
9.exf6 Nxf6 10.O-O Bd6 11.c4 b6 12.a3 Bb7 13.b4 Ne4 14.c5 bxc5 15.bxc5 Bf4
16.Ng4 e5 17.Ngxe5 Nxe5 18.Nxe5 Bxe5 19.dxe5 Nxc5 20.Rb1 Bc8 21.Rb5 Ne4 22.Rxd5 Qh4
23.Rd4  1-0

[Event "WY BU18 2012"]
[Site "Maribor SLO"]
[Date "2012.11.15"]
[Round "8.10"]
[White "Kovalev,Vl"]
[Black "Makhmutov,R"]
[Result "1-0"]
[WhiteElo "2484"]
[BlackElo "2354"]

1.e4 e6 2.d4 d5 3.Nd2 a6 4.Ngf3 c5 5.exd5 exd5 6.Be2 c4 7.b3 cxb3 8.axb3 Bd6
9.O-O Ne7 10.Ba3 Nbc6 11.c3 Bxa3 12.Rxa3 Bd7 13.Re1 O-O 14.Nf1 Nf5 15.Bd3 Re8
16.Rxe8+ Qxe8 17.Ra2 f6 18.Re2 Qh5 19.Qb1 Kf8 20.Ne3 Nfe7 21.Qc1 Be8 22.Qa3 Bg6
23.Bxg6 hxg6 24.Qd6 g5 25.Nxd5 Rd8 26.Nxf6 gxf6 27.Qxf6+ Qf7 28.Qxf7+ Kxf7
29.Nxg5+ Kf6 30.h4 Nd5 31.Re6+ Kf5 32.f3 Nf6 33.g4+ Nxg4 34.fxg4+ Kxg4 35.Kf2 Kxh4
36.Nf3+ Kg4 37.Ne5+ Nxe5 38.Rxe5 Kf4 39.Ke2 Rh8 40.Kd3 Rh3+ 41.Kc4 b5+ 42.Kb4 a5+
43.Kxa5 Rxc3 44.b4 Rd3 45.Kxb5 Rxd4 46.Re8  1-0

[Event "WY BU16 2012"]
[Site "Maribor SLO"]
[Date "2012.11.16"]
[Round "9.19"]
[White "Daskalov,D"]
[Black "Akhmetov,Ay"]
[Result "0-1"]
[WhiteElo "2106"]
[BlackElo "2362"]

1.e4 e6 2.d4 d5 3.Nd2 Nc6 4.Ngf3 Nf6 5.e5 Nd7 6.Bb5 a6 7.Bxc6 bxc6 8.Nb3 c5
9.Bg5 Be7 10.Na5 Nxe5 11.dxe5 Bxg5 12.Nc6 Qd7 13.Nxg5 Qxc6 14.Qh5 Qd7 15.Nxh7 Qd8
16.O-O-O Bb7 17.Rd3 d4 18.Rg3 g6 19.Qh6 Qe7 20.Qg7 O-O-O 21.Qf6 Qxf6 22.Nxf6 Rh4
23.f3 Rf4 24.Kd2 c4 25.Rg4 Rf5 26.Re1 a5 27.Rh4 a4 28.a3 c5 29.Rh7 Rf8 30.Ne4 Bxe4
31.Rxe4 Kc7 32.f4 g5 33.fxg5 Kc6 34.h4 Rb8 35.g4 Rf2+ 36.Re2 Rf3 37.Re1 Rxb2
38.Ke2 Rf4 39.Rc1 Kd5 40.h5 Ke4 41.g6 d3+ 42.Ke1 Ke3 43.Rxf7 Rxc2 44.Kd1 Rh2  0-1

[Event "VIII Governor's Cup B"]
[Site "Khanty-Mansiysk RUS"]
[Date "2012.11.17"]
[Round "3"]
[White "Lodoev,A"]
[Black "Brygov,I"]
[Result "1-0"]
[WhiteElo "2145"]
[BlackElo "1940"]

1.e4 e6 2.d4 d5 3.Nd2 Nc6 4.Ngf3 Nf6 5.e5 Nd7 6.c3 f6 7.Bd3 fxe5 8.Nxe5 Ndxe5
9.dxe5 Qg5 10.O-O Qxe5 11.Re1 Qf6 12.Qh5+ Kd7 13.Nf3 g6 14.Bg5 Qf7 15.Qh3 Bg7
16.Rad1 h6 17.Bh4 g5 18.Rxe6 Kd8 19.Nxg5 hxg5 20.Bxg5+ Ne7 21.Rxe7 Qxe7 22.Bxe7+ Kxe7
23.Re1+ Kd8 24.Qe3 Bf6 25.Qf3  1-0

[Event "WY BU14 2012"]
[Site "Maribor SLO"]
[Date "2012.11.17"]
[Round "10.13"]
[White "Rudakov,A"]
[Black "Vorontsov,P"]
[Result "0-1"]
[WhiteElo "2098"]
[BlackElo "2220"]

1.e4 e6 2.d4 d5 3.Nd2 Be7 4.c3 c5 5.exd5 Qxd5 6.Ngf3 cxd4 7.Bc4 Qd8 8.Nxd4 Nf6
9.O-O a6 10.N2f3 O-O 11.Bg5 b5 12.Bb3 Bb7 13.Qe2 Nc6 14.Rad1 Qc7 15.Rfe1 Nxd4
16.Nxd4 Ne4 17.Bxe7 Qxe7 18.Bc2 Nf6 19.Qe5 g6 20.a4 bxa4 21.Bxa4 Rac8 22.Nb3 Rc4
23.Rd4 Rxd4 24.Qxd4 Rc8 25.f3 Bd5 26.Nd2 Rd8 27.Qe3 a5 28.b3 Bb7 29.Nc4 Nd5
30.Qa7 Nf4 31.Qxa5 Rd5 32.Qa7 Qh4 33.g3 Rg5 34.Qf2 Nh3+ 35.Kh1 Nxf2+  0-1

[Event "WY BU16 2012"]
[Site "Maribor SLO"]
[Date "2012.11.17"]
[Round "10.42"]
[White "Abe,M"]
[Black "Yezhel,Valiantsin"]
[Result "1-0"]
[WhiteElo "1946"]
[BlackElo "2047"]

1.e4 e6 2.d4 d5 3.Nd2 Nc6 4.Ngf3 Nf6 5.e5 Nd7 6.c3 f6 7.exf6 Qxf6 8.Nb3 Bd6
9.Bg5 Qf7 10.Be2 e5 11.dxe5 Ncxe5 12.O-O O-O 13.Bh4 Nxf3+ 14.Bxf3 c6 15.Bg3 Ne5
16.Be2 Bc7 17.Nd4 Bd7 18.Nf3 Nxf3+ 19.Bxf3 Bxg3 20.hxg3 Rae8 21.Qd2 Re7 22.Rae1 Rfe8
23.Rxe7 Qxe7 24.Qd4 b6 25.Rd1 Be6 26.Qa4 Qc7 27.Re1 b5 28.Qa3 Kf7 29.Qc5 a5
30.a3 Qd7 31.Qd4 Bf5 32.Rxe8 Kxe8 33.Qe5+ Qe6 34.Qxg7 Bg6 35.Qd4 Qe1+ 36.Kh2 Qc1
37.Qe5+ Kd8 38.Qd6+ Ke8 39.Qxc6+ Kf8 40.Qf6+ Ke8 41.Bxd5 Qh6+ 42.Qh4 Qd2
43.Bc6+ Kf7 44.Qf4+  1-0

[Event "11th Kheireddine Ameyar Mem 2012"]
[Site "Algiers ALG"]
[Date "2012.11.18"]
[Round "5.9"]
[White "Saim,M"]
[Black "Seraoui,Mohcen"]
[Result "0-1"]
[WhiteElo "1920"]
[BlackElo "2129"]

1.e4 e6 2.d4 d5 3.Nd2 a6 4.Ngf3 Nf6 5.Bd3 c5 6.exd5 Qxd5 7.c4 Qd8 8.O-O cxd4
9.Nb3 Nc6 10.Bb1 Qc7 11.Nbxd4 Nxd4 12.Qxd4 Bc5 13.Qh4 b6 14.Rd1 Bb7 15.Bf4 Qc6
16.Qg5 h6 17.Qh4 g5 18.Bxg5 hxg5 19.Qxh8+ Ke7 20.Qg7 Rg8 21.Qxf7+ Kxf7 22.Ne5+ Ke7
23.Nxc6+ Bxc6 24.a3 Ng4 25.Rf1 Nxf2 26.b4 Bd4 27.Ra2 Nh3+ 28.Kh1 Nf4 29.Re1 Bc3
30.Rd1 Rf8 31.Kg1 e5 32.Kf2 Bd4+ 33.Kg3 Bd7 34.h3 Be6 35.Rc2 g4 36.hxg4 Rg8
37.Kf3 Bxg4+  0-1

[Event "VIII Governor's Cup"]
[Site "Khanty-Mansiysk RUS"]
[Date "2012.11.18"]
[Round "4.14"]
[White "Kopylov,Al2"]
[Black "Nugumanov,B"]
[Result "1-0"]
[WhiteElo "2425"]
[BlackElo "2323"]

1.e4 e6 2.d4 d5 3.Nd2 Nc6 4.Ngf3 Nf6 5.e5 Nd7 6.Nb3 f6 7.Bb5 a5 8.a4 Na7
9.exf6 Qxf6 10.Bg5 Qg6 11.Bd3 Qh5 12.Qe2 Nf6 13.h3 Nc6 14.O-O-O Bd6 15.c3 O-O
16.Bd2 Qe8 17.Ne5 Bxe5 18.dxe5 Ne4 19.Bxe4 dxe4 20.Qxe4 b6 21.f3 Bb7 22.Rhe1 Nd8
23.Qg4 h5 24.Qh4 Bd5 25.Na1 Nb7 26.Be3 Rf5 27.b3 c5 28.c4 Bc6 29.Nc2 Qg6
30.Rd2 Raf8 31.f4 R5f7 32.g4 Bf3 33.Rg1 Qh7 34.gxh5 Qxh5 35.Qg3 Be4 36.Na3 Bf5
37.h4 Bh7 38.Nb5 Qf5 39.Kb2 Re8 40.h5 Qxh5 41.Rh2 Qf5 42.Rgh1 g5 43.fxg5 Rg7
44.Ka3 Qe4 45.Rh6 Rf8 46.Qh3 Qf5 47.g6 Bxg6 48.Rh8+ Kf7 49.Rxf8+ Kxf8 50.Rf1  1-0

[Event "Plzen Open 2012"]
[Site "Plzen CZE"]
[Date "2012.11.21"]
[Round "4"]
[White "Waisberg,A"]
[Black "Sprotte,N"]
[Result "1/2-1/2"]
[WhiteElo "1965"]
[BlackElo "2145"]

1.e4 e6 2.d4 d5 3.Nd2 Nc6 4.c3 e5 5.dxe5 dxe4 6.Qe2 Nxe5 7.Nxe4 Qe7 8.Bf4 f5
9.Bxe5 Qxe5 10.Ng3 Qxe2+ 11.Bxe2 Nf6 12.Bf3 Bc5 13.N1e2 O-O 14.O-O g5 15.h3 g4
16.hxg4 fxg4 17.Be4 c6 18.Nd4 Nxe4 19.Nxe4 Bb6 20.Rae1 c5 21.Nb3 Be6 22.Rd1 c4
23.Nd4 Bf5 24.Rfe1 Rad8 25.Nxf5 Rxd1 26.Nh6+ Kg7 27.Rxd1 Kxh6 28.Rd6+ Kg7
29.Rd7+ Kg6 30.Rd6+ Kf5 31.Ng3+ Ke5 32.Rd2 Rf7 33.Re2+ Kd5 34.Rd2+ Kc6 35.Ne4 Rf4
36.Re2 Kd5 37.Ng3 Rf7 38.Rd2+ Kc6 39.Ne4 h5 40.g3 Bc5 41.Nxc5 Kxc5 42.Re2 Kd5
43.Re8 b5 44.a3 a5 45.Rb8 Kc6 46.Kf1 Rf5 47.Ke2 Re5+ 48.Kd2 a4 49.Rf8 Kd5
50.Rf4 Kc5 51.Kd1  1/2-1/2

[Event "ch-Commonwealth 2012"]
[Site "Chennai IND"]
[Date "2012.11.23"]
[Round "2"]
[White "Tiviakov,S"]
[Black "Harsha,B"]
[Result "1-0"]
[WhiteElo "2659"]
[BlackElo "2017"]

1.e4 e6 2.d4 d5 3.Nd2 Be7 4.c3 c5 5.dxc5 Bxc5 6.Bd3 Nc6 7.Qe2 Nf6 8.Ngf3 O-O
9.O-O a5 10.e5 Nd7 11.Nb3 Be7 12.a4 f6 13.exf6 Nxf6 14.Nbd4 Nxd4 15.Nxd4 Qb6
16.Bf4 Bd7 17.Rfe1 Rae8 18.Be5 Bd6 19.Nf3 Bc5 20.h3 Ne4 21.Rf1 Bc6 22.Nd4 Rf5
23.Bxe4 dxe4 24.Nxf5 exf5 25.Bd4 Bxd4 26.Qc4+ Kh8 27.cxd4 Rd8 28.Qf7 Qxd4
29.Qxf5 Qxb2 30.Qxa5 Re8 31.Qg5 h6 32.Qe3 Rd8 33.Rad1 Ra8 34.Rd4 Qa2 35.Qf4 Qe6
36.Rfd1 Rxa4 37.Rxa4 Bxa4 38.Rd8+ Kh7 39.Rd6 Qe7 40.Qf5+ Kg8 41.Re6 Qf7 42.Qxe4 Bc6
43.Qe5 Kh7 44.f4 Qf8 45.Kh2 Qf7 46.f5 Qh5 47.Rg6  1-0

[Event "VIII Governor's Cup B"]
[Site "Khanty-Mansiysk RUS"]
[Date "2012.11.23"]
[Round "9"]
[White "Averchenko,Ekaterina"]
[Black "Postnikov,D"]
[Result "1-0"]
[WhiteElo "2184"]
[BlackElo "2156"]

1.e4 e6 2.d4 d5 3.Nd2 Nc6 4.Ngf3 Nf6 5.e5 Nd7 6.Bd3 Nb4 7.Be2 c5 8.c3 Nc6
9.O-O f6 10.Re1 fxe5 11.Nxe5 Ndxe5 12.dxe5 Be7 13.Bd3 O-O 14.Qh5 Rf5 15.Bxf5 exf5
16.Nf3 Be6 17.Ng5 Bxg5 18.Bxg5 Qb6 19.b3 d4 20.cxd4 cxd4 21.Rad1 a5 22.Rd3 g6
23.Qh6 a4 24.Bf6 Qc7 25.h4 axb3 26.axb3 Nb4 27.Rg3 Nd5 28.h5 f4 29.Rg4 Bf5
30.hxg6 Bxg6 31.Rxg6+ hxg6 32.Qh8+  1-0

[Event "2nd UNAM Open Section I 2012"]
[Site "Mexico City MEX"]
[Date "2012.11.23"]
[Round "4.2"]
[White "De la Paz Perdomo,F"]
[Black "Cordova,E"]
[Result "1/2-1/2"]
[WhiteElo "2436"]
[BlackElo "2568"]

1.e4 e6 2.d4 d5 3.Nd2 Be7 4.Ngf3 Nf6 5.e5 Nfd7 6.Bd3 c5 7.c3 Nc6 8.O-O g5
9.Kh1 h5 10.dxc5 g4 11.Nd4 Ndxe5 12.Bb5 Bd7 13.N2b3 Ng6 14.f4 gxf3 15.Nxf3 Qc7
16.Bg5 Bxg5 17.Bxc6 Bf4 18.Bxd7+ Qxd7 19.Nh4 Nxh4 20.Rxf4 Ng6 21.Rf6 Qe7
22.Qf1 Ne5 23.h3 Rh7 24.Re1 Nc4 25.Nd4 O-O-O 26.Rf2 Qg5 27.Rxf7 Ne3 28.Rxe3 Rxf7
29.Qxf7 Qxe3 30.c6 Qe1+ 31.Kh2 Qe5+ 32.Kh1 Qe1+ 33.Kh2 Qe5+ 34.Kh1 Qg5 35.Qf1 bxc6
36.Kh2 Rg8 37.Kh1 c5 38.Qf2 Qe5 39.Qe2 Qf4 40.Qf2 Qg5 41.Nxe6 Qe7 42.Nd8 Kxd8
43.Qf1 Qg5 44.Qe2 a6 45.c4 Kc8 46.cxd5 c4 47.Qxc4+ Kb8 48.Qc5 Rd8 49.d6 Rh8  1/2-1/2

[Event "Plzen Open 2012"]
[Site "Plzen CZE"]
[Date "2012.11.23"]
[Round "6"]
[White "Potapov,P"]
[Black "Sprotte,N"]
[Result "1-0"]
[WhiteElo "2434"]
[BlackElo "2145"]

1.e4 e6 2.d4 d5 3.Nd2 Nc6 4.Ngf3 Nf6 5.e5 Nd7 6.Bd3 Nb4 7.Be2 c5 8.c3 Nc6
9.Bd3 a5 10.O-O cxd4 11.cxd4 a4 12.Nb1 Nb6 13.Nc3 Bd7 14.Bg5 Be7 15.Bxe7 Qxe7
16.Ne2 Nb4 17.Bb1 Bb5 18.a3 Nc6 19.Re1 Na5 20.Bc2 Bxe2 21.Qxe2 Nac4 22.Rab1 O-O
23.h4 g6 24.Ng5 Kg7 25.Qg4 Rh8 26.h5 Rag8 27.Red1 Kf8 28.h6 Ke8 29.Rd3 Rf8
30.Rc3 Kd7 31.Rc1 Rc8 32.Rf3 Rcf8 33.b4 Kc6 34.Bd3 Kb5 35.Rf6 Nd7 36.Rf4 Nb6
37.Rc3 Ka6 38.Rf6 Nd7 39.Bxc4+ dxc4 40.Rf4 b5 41.Rcf3 f5 42.exf6 Rxf6 43.Re4 e5
44.Qxd7  1-0

[Event "22nd World Seniors Open"]
[Site "Kamena Vourla GRE"]
[Date "2012.11.24"]
[Round "11.7"]
[White "Jansa,Vl"]
[Black "Sorensen,B"]
[Result "1-0"]
[WhiteElo "2451"]
[BlackElo "2294"]

1.e4 e6 2.d4 d5 3.Nd2 Be7 4.Bd3 c5 5.dxc5 Nf6 6.Qe2 O-O 7.Ngf3 a5 8.O-O Na6
9.e5 Nd7 10.c3 Naxc5 11.Bc2 Qc7 12.Re1 b5 13.Nd4 b4 14.Qe3 f5 15.exf6 Nxf6
16.c4 Ng4 17.Qh3 Nh6 18.Qh5 dxc4 19.Nxc4 Nf5 20.Nxf5 exf5 21.Nb6 Qxb6 22.Rxe7 Qd6
23.Bg5 Be6 24.Re1 Bf7 25.Qf3 Bd5 26.Qe3 Qc6 27.Qe5 Rf7 28.Bxf5 Raf8 29.Rxf7 Bxf7
30.Be3 Re8 31.Qd4 Na4 32.Bd7  1-0

[Event "TCh-NED Meesterklasse 2012-13"]
[Site "Netherland NED"]
[Date "2012.11.24"]
[Round "4.4"]
[White "Burg,T"]
[Black "Braun,Christi2"]
[Result "1/2-1/2"]
[WhiteElo "2485"]
[BlackElo "2405"]

1.e4 e6 2.d4 d5 3.Nd2 Be7 4.e5 c5 5.Ngf3 Nc6 6.dxc5 f6 7.Bb5 Qa5 8.Qe2 a6
9.Bxc6+ bxc6 10.Nd4 Qxc5 11.Nxe6 Bxe6 12.exf6 Bxf6 13.Qxe6+ Qe7 14.Qxe7+ Nxe7
15.Nf3 Rb8 16.c3 O-O 17.O-O c5 18.Re1 Rfe8 19.Re2 Nf5 20.Rxe8+ Rxe8 21.Bd2 Rb8
22.g4 Nh4 23.Nxh4 Bxh4 24.b4 Rf8 25.Rf1 Rc8 26.Rc1 Be7 27.a3 Kf7 28.Kg2 g5
29.h3 c4 30.a4 Bf6 31.Be3 d4 32.cxd4 Ke6 33.Kf3 Kd5 34.b5 axb5 35.axb5 Bd8
36.Rb1 Bb6 37.Bxg5 c3 38.Ke2 Kc4 39.Be3 Ra8 40.d5 Ra2+ 41.Kf3 Rb2 42.Rd1 Rxb5
43.Bxb6 Rxb6 44.Ke4 Rb2 45.f4 Rd2 46.Rc1 Rd4+ 47.Ke5 Rxd5+ 48.Ke6 Rd3 49.h4 Rd4
50.Ke5 Rd5+ 51.Kf6 Kd4 52.f5 Rc5 53.Kg7 Rc7+ 54.Kh6 Ke5 55.h5 c2 56.g5 Kxf5
57.g6 hxg6 58.hxg6 Rc6 59.Rf1+ Ke4 60.Rc1 Kd3 61.Kh7 Rxg6 62.Rxc2 Rh6+ 63.Kxh6 Kxc2  1/2-1/2